[Event "Capablanca mem-A"]
[Site "Cienfuegos"]
[Date "1984.??.??"]
[Round "?"]
[White "Tatai, Stefano"]
[Black "Vilela, Jose Luis"]
[Result "1/2-1/2"]
[WhiteElo "2430"]
[BlackElo "2450"]

1.d4 Nf6 2.c4 e6 3.Nf3 b6 4.g3 Ba6 5.b3 Bb4+ 6.Bd2 Be7 7.Bg2 c6 8.Bg5 d5
9.Nbd2 Nbd7 10.O-O O-O 11.Qc2 b5 12.Rfd1 Rc8 13.c5 b4 14.e3 Bb5 15.a3 bxa3
16.Rxa3 a6 17.Bf1  1/2-1/2

[Event "Czestochowa"]
[Site "Czestochowa"]
[Date "1984.??.??"]
[Round "?"]
[White "Kojder, Konrad"]
[Black "Szypulski, Andrzej"]
[Result "1/2-1/2"]
[WhiteElo "2380"]
[BlackElo "2480"]

1.d4 Nf6 2.c4 e6 3.Nf3 b6 4.g3 Ba6 5.Qc2 Bb4+ 6.Bd2 Be7 7.Bg2 O-O 8.O-O d5
9.Ne5 c6 10.cxd5 cxd5 11.Nc3 Nfd7 12.Nf3 Bb7 13.e4 dxe4 14.Nxe4 Nc6 15.Rad1 Rc8
16.Qb1 Nf6 17.Nxf6+ Bxf6 18.Bc3 Ne7  1/2-1/2

[Event "New Delhi"]
[Site "Delhi"]
[Date "1984.??.??"]
[Round "?"]
[White "Choudhry, A."]
[Black "Parameswaran, Tiruchi N"]
[Result "0-1"]
[WhiteElo "2260"]
[BlackElo "2385"]

1.d4 Nf6 2.Nf3 b6 3.c4 e6 4.g3 Ba6 5.Qa4 Be7 6.Bg2 c6 7.Nc3 O-O 8.Bf4 Bb7
9.O-O d5 10.Ne5 dxc4 11.Qxc4 Nd5 12.Nxd5 cxd5 13.Qa4 Qe8 14.Qxe8 Rxe8 15.Bh3 Bf6
16.Rac1 Bxe5 17.Bxe5 Nc6 18.Rfd1 Nxe5 19.dxe5 Rac8 20.e3 Ba6 21.Bf1 Bxf1
22.Kxf1 Kf8 23.Ke2 Ke7 24.h3 f6 25.exf6+ Kxf6 26.f3 a5 27.a4 Rc5 28.Rc3 Rxc3
29.bxc3 Rc8 30.Kd3 Rc4 31.Rb1 Rxa4 32.Rxb6 Ra1 33.e4 dxe4+ 34.Kxe4 a4 35.Kf4 h5
36.h4 a3 37.Ra6 a2 38.c4 Re1  0-1

[Event "Troll Masters"]
[Site "Gausdal"]
[Date "1984.??.??"]
[Round "7"]
[White "Bjerke, Richard"]
[Black "Tiller, Bjorn"]
[Result "1/2-1/2"]
[WhiteElo "2280"]
[BlackElo "2425"]

1.d4 e6 2.c4 Nf6 3.Nf3 b6 4.g3 Ba6 5.b3 b5 6.cxb5 Bxb5 7.Bg2 Bc6 8.O-O a5
9.Nc3 Bb4 10.Bb2 Qc8 11.a3 Bxc3 12.Bxc3 Qb7 13.Rb1 O-O 14.Qc1 Be4 15.Rb2 Qd5
16.Ne1 Bxg2 17.Nxg2 Nc6 18.Nf4 Qd6 19.d5 Nxd5 20.Rd1 Qc5 21.Nxd5 exd5 22.Rc2 Qd6
23.Qd2 Rfb8 24.Qxd5 Rxb3 25.Qxd6 cxd6 26.Rxd6 Rxa3 27.Rxd7 h6 28.Bb2 Ra2
29.Rxc6 Rxb2 30.Rcc7 Rf8 31.e3 Rb5 32.Ra7 h5 33.Rd4 Rc8  1/2-1/2

[Event "Troll Masters"]
[Site "Gausdal"]
[Date "1984.??.??"]
[Round "9"]
[White "McCambridge, Vincent"]
[Black "Ogaard, Leif"]
[Result "1/2-1/2"]
[WhiteElo "2465"]
[BlackElo "2465"]

1.d4 Nf6 2.c4 e6 3.Nf3 b6 4.g3 Ba6 5.b3 Bb4+ 6.Bd2 Be7 7.Nc3 d5 8.cxd5 Nxd5
9.e4 Nxc3 10.Bxc3 Bxf1 11.Kxf1 O-O 12.Kg2 Nd7 13.Qe2 c6 14.Rhd1 Re8 15.Rac1 Qc8
16.Bb2 Qb7 17.Rc4 Rac8 18.d5 exd5 19.exd5 cxd5 20.Rxc8 Qxc8  1/2-1/2

[Event "Grindavik"]
[Site "Grindavik"]
[Date "1984.??.??"]
[Round "2"]
[White "Lombardy, William James"]
[Black "Olafsson, Helgi"]
[Result "1/2-1/2"]
[WhiteElo "2505"]
[BlackElo "2445"]

1.d4 Nf6 2.c4 e6 3.Nf3 b6 4.g3 Ba6 5.b3 Bb4+ 6.Bd2 Be7 7.Bg2 c6 8.O-O d5
9.Qc2 O-O 10.Rd1 Bb7 11.Nc3 Na6 12.Be1 Rc8 13.e4 Qc7 14.e5 Nd7 15.Qe2 Qb8
16.cxd5 cxd5 17.a3 Rc6 18.Qb2 Nc7 19.Rac1 Rc8 20.Nb1 Na6 21.Bf1 Rxc1 22.Rxc1 Rxc1
23.Qxc1 Qc7 24.Qb2 Nab8 25.Nc3 a6 26.Bd3 Nc6 27.Ne2 b5 28.Nf4 Qb6 29.h4 Qd8
30.Bd2 Nf8 31.Bf1 Nd7 32.Bd3 Qf8 33.Bc1 Qc8 34.Bd2 Qf8 35.Bc1 Qc8 36.Bd2  1/2-1/2

[Event "Hamburg op"]
[Site "Hamburg"]
[Date "1984.??.??"]
[Round "9"]
[White "Paulsen, Dirk"]
[Black "Horvath, Tamas"]
[Result "1/2-1/2"]
[WhiteElo "2360"]
[BlackElo "2415"]

1.d4 Nf6 2.c4 e6 3.Nf3 b6 4.g3 Ba6 5.Nbd2 c5 6.Bg2 Bb7 7.O-O cxd4 8.Nxd4 Bxg2
9.Kxg2 Qc8 10.b3 Qb7+ 11.f3 Be7 12.Bb2 O-O 13.e4 d6 14.Qe2 Nbd7 15.Rac1 a6
16.Rfd1 Rfe8 17.Rc2 Bf8 18.Rdc1 Ne5 19.Nb1 Rad8 20.Nc3 Qa8 21.Rd1 Nfd7 22.Rcd2 Nc5
23.Kg1 Rb8  1/2-1/2

[Event "Helsinki"]
[Site "Helsinki"]
[Date "1984.??.??"]
[Round "?"]
[White "Karolyi, Tibor Jr"]
[Black "Ornstein, Axel"]
[Result "1/2-1/2"]
[WhiteElo "2410"]
[BlackElo "2405"]

1.d4 Nf6 2.c4 e6 3.Nf3 b6 4.g3 Ba6 5.b3 Bb4+ 6.Bd2 Be7 7.Nc3 O-O 8.e4 d5
9.cxd5 Bxf1 10.Kxf1 exd5 11.e5 Ne4 12.Rc1 c5 13.Be3 Nc6 14.Kg2 cxd4 15.Bxd4 Rc8
16.Ne2 Bc5 17.Rf1 Re8 18.Bb2 h6 19.Ned4 Bxd4 20.Bxd4 Ng5 21.Nxg5 Qxg5 22.Re1 Qf5
23.Rc3 Nxd4  1/2-1/2

[Event "HUN-ch"]
[Site "HUN"]
[Date "1984.??.??"]
[Round "1"]
[White "Pinter, Jozsef"]
[Black "Schneider, Attila"]
[Result "1-0"]
[WhiteElo "2515"]
[BlackElo "2415"]

1.d4 Nf6 2.c4 e6 3.Nf3 b6 4.g3 Ba6 5.b3 b5 6.cxb5 Bxb5 7.Bg2 c5 8.O-O Bc6
9.Ba3 Qa5 10.Qc1 Na6 11.Nbd2 Rc8 12.Nc4 Qc7 13.Rd1 Bxf3 14.Bxf3 d5 15.Ne5 Be7
16.Qd2 O-O 17.Rac1 Qb7 18.Qa5 Qb6 19.Qa4 Bd6 20.e3 cxd4 21.Bxd6 Qxd6 22.exd4 Qb6
23.Rc6 Rxc6 24.Nxc6 Kh8 25.Be2 Nc7 26.Rc1 Ra8 27.Ne5 Kg8 28.g4 h6 29.h4 Qd6
30.Qa5 Nce8 31.Qb5 Qe7 32.Qc6 Qd8 33.f3 Nd6 34.Qc7 Nfe8 35.Qxd8 Rxd8 36.Rc6 Rc8
37.Ra6 Rc7 38.Kf2 Nc8 39.Nc6 Kf8 40.a4 Rb7 41.Na5 Rb6 42.Ke3 Nc7 43.Rxb6 axb6
44.Nc6 Ke8 45.Bd3 f6 46.b4 Kd7 47.b5 Nd6 48.Kd2 Nb7 49.Kc3 Ne8 50.Kb4 Ned6
51.f4 Kc7 52.f5 exf5 53.Bxf5 Nc4 54.Ne7 Kd6 55.Nc8+ Kc7 56.h5 Ne3 57.Ne7 Kd6
58.Ng6 Nc4 59.Nf4 Nd8 60.Ng2 Nf7 61.Bd3 Na5 62.Ne3 Ke6 63.Bh7  1-0

[Event "HUN-ch"]
[Site "HUN"]
[Date "1984.??.??"]
[Round "5"]
[White "Groszpeter, Attila"]
[Black "Farago, Ivan"]
[Result "1-0"]
[WhiteElo "2490"]
[BlackElo "2525"]

1.d4 Nf6 2.c4 e6 3.Nf3 b6 4.g3 Ba6 5.Qc2 c5 6.Bg2 Nc6 7.dxc5 Bxc5 8.O-O O-O
9.Qa4 Bb7 10.Nc3 h6 11.Rd1 Qe7 12.a3 a5 13.Qb3 Rfd8 14.Na4 Ba6 15.Qc2 e5
16.e3 Rac8 17.b3 d5 18.cxd5 Na7 19.Qb2 e4 20.Nh4 Qd7 21.Qe5 Bd3 22.Bb2 Qxd5
23.Nxc5 Rxc5 24.Qf4 Nh5 25.Qg4 Nc6 26.b4 Rc2 27.Rxd3 Qxd3 28.Bxe4 Qe2 29.Qxe2 Rxe2
30.Rb1 axb4 31.axb4 Rdd2 32.Bc3 Ra2 33.Bxc6 Rxf2 34.Rd1 Nf6 35.Bxf6 gxf6
36.Ng2 Kg7 37.b5 Rfb2 38.h4 f5 39.Rf1 Kf6 40.g4 Ke7 41.Rxf5 Re2 42.Rf1 Ke6
43.Nf4+  1-0

[Event "White Knights"]
[Site "Leningrad"]
[Date "1984.??.??"]
[Round "?"]
[White "Hjartarson, Johann"]
[Black "Vyzmanavin, Alexey"]
[Result "0-1"]
[WhiteElo "2415"]
[BlackElo "2470"]

1.d4 Nf6 2.c4 e6 3.Nf3 b6 4.g3 Ba6 5.b3 Bb4+ 6.Bd2 Be7 7.Nc3 d5 8.cxd5 exd5
9.Bg2 O-O 10.O-O Nbd7 11.Rc1 c6 12.Re1 Re8 13.Rc2 Bb7 14.Bf4 Nf8 15.Ne5 Ne6
16.Na4 Bb4 17.Rf1 Bd6 18.Qd3 Qe7 19.Nb2 c5 20.e3 g5 21.dxc5 Nxc5 22.Qf5 Bxe5
23.Qxg5+ Kh8 24.b4 Bxf4 25.Qxf4 Ne6 26.Qe5 Ng7 27.Qd4 Nf5 28.Qf4 Qe5 29.Qxe5 Rxe5
30.Rc7 Re7 31.Rfc1 Rxc7 32.Rxc7 Nd6 33.Bh3 Nfe8 34.Re7 Kg8  0-1

[Event "URS-World"]
[Site "London"]
[Date "1984.??.??"]
[Round "1.10"]
[White "Torre, Eugenio"]
[Black "Sokolov, Andrei"]
[Result "1-0"]
[WhiteElo "2565"]
[BlackElo "2495"]

1.d4 Nf6 2.c4 e6 3.Nf3 b6 4.g3 Ba6 5.b3 Bb4+ 6.Bd2 Be7 7.Bg2 c6 8.Bc3 d5
9.Nbd2 Bb7 10.Ne5 O-O 11.O-O Na6 12.e4 c5 13.exd5 exd5 14.Re1 cxd4 15.Bxd4 Nc5
16.Ng4 dxc4 17.Nxc4 Bxg2 18.Kxg2 Ne6 19.Bxf6 Bxf6 20.Qxd8 Bxd8 21.Rad1 Bc7
22.Nge3 b5 23.Nd6 a6 24.Rd5 Rfd8 25.Nb7 Rdb8 26.Nc5 Nxc5 27.Rxc5 Bb6 28.Rc6 Bxe3
29.Rxe3 Kf8 30.Rc7 Rc8 31.Ree7 Rxc7 32.Rxc7 a5 33.Kf3 Ra6 34.Rc5 b4 35.Ke4 Ke7
36.Kd4 Kd6 37.Rg5 g6 38.Rd5+ Ke6 39.Kc5  1-0

[Event "Lugano op"]
[Site "Lugano"]
[Date "1984.??.??"]
[Round "7"]
[White "Gheorghiu, Florin"]
[Black "Lengyel, Levente"]
[Result "1-0"]
[WhiteElo "2475"]
[BlackElo "2415"]

1.d4 Nf6 2.c4 e6 3.Nf3 b6 4.g3 Ba6 5.b3 Bb4+ 6.Bd2 Be7 7.Nc3 d5 8.cxd5 Nxd5
9.Nxd5 exd5 10.Bg2 O-O 11.O-O Nd7 12.Bf4 Bb7 13.Rc1 c5 14.Ne5 a5 15.Nd3 a4
16.Be3 axb3 17.axb3 Ra5 18.b4 cxb4 19.Bd2 Nf6 20.Bxb4 Bxb4 21.Nxb4 Qd6 22.Nd3 Rfa8
23.Ne5 Ra2 24.e3 Ne4 25.Rc2 f6 26.Nd3 Rxc2 27.Qxc2 Rc8 28.Qa2 Nc3 29.Qa1 Qc7
30.Bh3 Ra8 31.Qb2 Na4 32.Qb3 Nc3 33.Nf4 g5 34.Rc1 gxf4 35.Rxc3 Ra1+ 36.Kg2 Qc4
37.gxf4 b5 38.Qb2 Qf1+ 39.Kg3 Qg1+ 40.Bg2 Kh8 41.Ra3 Rc1 42.Rc3 Ra1 43.Qxb5 Ra8
44.Qf1 Rg8+ 45.Kh3 Qxf1 46.Bxf1 Bc8+ 47.Kh4 Rg4+ 48.Kh5 Rg8 49.Be2 Be6 50.Bf3 Bf7+
51.Kh4 Rg6 52.Bg4 f5 53.Bxf5 Rg2 54.Rc7 Bg8 55.f3 Rxh2+ 56.Kg5  1-0

[Event "Lugano op"]
[Site "Lugano"]
[Date "1984.??.??"]
[Round "8"]
[White "Farago, Ivan"]
[Black "Schmittdiel, Eckhard"]
[Result "1-0"]
[WhiteElo "2525"]
[BlackElo "2245"]

1.d4 Nf6 2.c4 e6 3.Nf3 b6 4.g3 Ba6 5.b3 Bb4+ 6.Bd2 Be7 7.Nc3 d5 8.cxd5 Nxd5
9.Bg2 O-O 10.O-O Nd7 11.Re1 Bb7 12.e4 Nxc3 13.Bxc3 c5 14.d5 exd5 15.exd5 Nf6
16.Nh4 Re8 17.d6 Bxg2 18.Rxe7 Be4 19.Bxf6 gxf6 20.Qg4+ Bg6 21.Rae1 Rxe7 22.dxe7 Qe8
23.Qf3  1-0

[Event "Lvov"]
[Site "Lvov"]
[Date "1984.??.??"]
[Round "8"]
[White "Eingorn, Vereslav S"]
[Black "Dorfman, Josif D"]
[Result "1/2-1/2"]
[WhiteElo "2475"]
[BlackElo "2515"]

1.Nf3 Nf6 2.c4 b6 3.d4 e6 4.g3 Ba6 5.Nbd2 Bb4 6.Qc2 c5 7.dxc5 Bxc5 8.Bg2 Nc6
9.O-O Rc8 10.Qa4 Bb7 11.a3 Be7 12.b4 a5 13.b5 Nb8 14.Bb2 O-O 15.Rac1  1/2-1/2

[Event "Neskaupstad"]
[Site "Neskaupstad"]
[Date "1984.??.??"]
[Round "?"]
[White "Petursson, Margeir"]
[Black "Sigurjonsson, Gudmundur"]
[Result "1/2-1/2"]
[WhiteElo "2465"]
[BlackElo "2470"]

1.d4 Nf6 2.c4 e6 3.Nf3 b6 4.g3 Ba6 5.Nbd2 Bb4 6.Qc2 Bb7 7.Bg2 Be4 8.Qb3 Nc6
9.O-O Bxd2 10.Bxd2 Rb8 11.Rfd1 h6 12.Qe3 O-O 13.Bc3 Re8 14.Rac1 b5 15.b3 bxc4
16.bxc4 d6 17.Qd2 Rb6 18.Bf1 Qe7 19.Ne1 Bh7 20.f3 d5 21.cxd5 exd5 22.Nd3 Bxd3
23.Qxd3 Qa3 24.Rc2 Re7 25.e3 Nb4 26.Bxb4 Qxb4 27.Rdc1 Rbe6 28.Re2 g6 29.Kf2 h5
30.Qb3 Qb6 31.h4 Kg7 32.Rc3 c6 33.Bh3 Rd6 34.Rec2 Qa5 35.Rc5 Qa6 36.Qb8 Ne8
37.Qb4 Rb7 38.Bc8 Rxb4 39.Bxa6 Rb6 40.Bd3 Nc7 41.a4 Ne6 42.a5 Rb3 43.R5c3 Rxc3
44.Rxc3 f5 45.Rb3 Rd7 46.a6 Rf7 47.Rb8 Re7 48.Ke1 Kf6 49.Kd2 c5 50.dxc5 Nxc5
51.Bb5 Re6 52.Rf8+ Ke5 53.Re8 Rxe8 54.Bxe8 Kf6 55.Bb5 Ke7 56.Kc3 Ne6 57.Bd3 Kd6
58.Bb5 Ke7 59.Kd2 Kf6 60.Bc6 Nc7 61.Bb7 Ke5 62.Bc8 d4 63.Kd3 dxe3 64.Kxe3 Nd5+
65.Kd3 f4 66.g4 Ne3 67.gxh5 gxh5 68.Bd7 Ng2 69.Be8 Nxh4 70.Bxh5 Kd6 71.Bg4 Ng6
72.Bc8 Ne5+ 73.Kc3 Kc5 74.Bb7 Kb5 75.Kd4 Nxf3+ 76.Bxf3 Kxa6  1/2-1/2

[Event "New York Barclay"]
[Site "New York"]
[Date "1984.??.??"]
[Round "6"]
[White "Meyer, John C"]
[Black "Kastner, Jeffrey"]
[Result "1/2-1/2"]
[WhiteElo "2360"]
[BlackElo "2315"]

1.d4 Nf6 2.c4 e6 3.Nf3 b6 4.g3 Ba6 5.b3 Bb4+ 6.Nbd2 Bb7 7.Qc2 c5 8.a3 Bxd2+
9.Qxd2 cxd4 10.Qxd4 d5 11.cxd5 Bxd5 12.Bg2 O-O 13.b4 Nc6 14.Qb2 e5 15.O-O Re8
16.Rd1 Qe7 17.Bg5 Rad8 18.b5 Bxf3 19.Bxf3 Rxd1+ 20.Rxd1 Nd4 21.Bg2 h6 22.Be3 Rd8
23.Bxd4 Rxd4 24.Rxd4 exd4 25.Qxd4 Qxe2 26.Qd8+ Qe8 27.Qc7 Qe1+ 28.Bf1 Ne4
29.Qb8+ Kh7 30.Qf4 Nd2 31.Qf5+ Kg8 32.Qc8+  1/2-1/2

[Event "Pernik"]
[Site "Pernik"]
[Date "1984.??.??"]
[Round "1"]
[White "Peev, Peicho Chonev"]
[Black "Lau, Ralf"]
[Result "1/2-1/2"]
[WhiteElo "2405"]
[BlackElo "2375"]

1.d4 Nf6 2.c4 e6 3.Nf3 b6 4.g3 Ba6 5.Nbd2 Bb4 6.Qa4 c5 7.dxc5 Bxc5 8.Bg2 Bb7
9.O-O O-O 10.Qc2 Qc7 11.b3 Be7 12.Bb2 d6 13.Rac1 Nbd7 14.e4 Rac8 15.Rfe1 Rfd8
16.Qb1 Qb8 17.Nd4 a6 18.Rcd1 Bf8  1/2-1/2

[Event "Pernik"]
[Site "Pernik"]
[Date "1984.??.??"]
[Round "10"]
[White "Peev, Peicho Chonev"]
[Black "Danailov, Silvio"]
[Result "1/2-1/2"]
[WhiteElo "2405"]
[BlackElo "2345"]

1.d4 Nf6 2.c4 e6 3.Nf3 b6 4.g3 Ba6 5.b3 Bb4+ 6.Bd2 Be7 7.Bg2 c6 8.O-O d5
9.Ne5 O-O 10.Bc3 Bb7 11.Nd2 Na6 12.Bb2 Rc8 13.Rc1 c5 14.e3 Rc7 15.cxd5 Nxd5
16.Qe2 Qa8 17.f4 Rd8 18.Rfd1 Rcc8 19.Ndf3 Nab4 20.a3 Na2 21.Rc2 cxd4 22.Bxd4 Nac3
23.Bxc3 Nxc3 24.Rxd8+ Bxd8 25.Qd3 Nd5 26.Rxc8 Qxc8 27.e4 Nc7 28.Nd4 Be7 29.b4 Ne8
30.Qc4 Qxc4 31.Nxc4 Nc7 32.e5 Bxg2 33.Kxg2 Kf8 34.Nc6 Nb5 35.Kf3 Ke8 36.Ke4 Bf8
37.Nd4 Nxd4 38.Kxd4 Kd7 39.b5 h5 40.Ke4 g6 41.a4 Bb4 42.h3 Bc5 43.g4 hxg4
44.hxg4 Ke7 45.Kf3 Kd7 46.Kg3 Bb4 47.Kf3 Bc5 48.Nd2 Bb4 49.Nc4 Bc5 50.Ke4 Bb4
51.f5  1/2-1/2

[Event "Pernik"]
[Site "Pernik"]
[Date "1984.??.??"]
[Round "14"]
[White "Velikov, Petar"]
[Black "Lau, Ralf"]
[Result "1/2-1/2"]
[WhiteElo "2465"]
[BlackElo "2375"]

1.d4 Nf6 2.Nf3 e6 3.c4 b6 4.g3 Ba6 5.b3 Bb4+ 6.Bd2 Be7 7.Bg2 d5 8.cxd5 exd5
9.O-O O-O 10.Nc3 Bb7 11.Rc1 Na6 12.Bf4 c5 13.Be5 Qd7 14.dxc5 bxc5  1/2-1/2

[Event "Plovdiv"]
[Site "Plovdiv"]
[Date "1984.??.??"]
[Round "3"]
[White "Spassov, Liuben"]
[Black "Georgiev, Kiril"]
[Result "1/2-1/2"]
[WhiteElo "2475"]
[BlackElo "2430"]

1.d4 Nf6 2.c4 e6 3.Nf3 b6 4.g3 Ba6 5.b3 Bb4+ 6.Bd2 Be7 7.Bg2 d5 8.cxd5 exd5
9.O-O O-O 10.Nc3 Re8 11.Qc2 Nbd7 12.Ne5 Bb7 13.Rfd1 Bd6 14.Nc4 Bf8 15.Bf4 Rc8
16.Qb2 Ba8 17.Ne5 c5 18.Nxd7 Qxd7 19.Bg5 Ne4  1/2-1/2

[Event "Plovdiv"]
[Site "Plovdiv"]
[Date "1984.??.??"]
[Round "5"]
[White "Peev, Peicho Chonev"]
[Black "Plaskett, Jim"]
[Result "1/2-1/2"]
[WhiteElo "2405"]
[BlackElo "2475"]

1.d4 Nf6 2.c4 e6 3.Nf3 b6 4.g3 Ba6 5.Nbd2 Bb4 6.Qa4 c5 7.dxc5 Bxc5 8.Bg2 O-O
9.O-O Qc7 10.b4 Be7 11.Bb2 Bb7 12.Rac1 d6 13.Rfd1 Nbd7 14.Nd4 Bxg2 15.Kxg2 Rfc8
16.Qb3 a6 17.a3 Qb7+ 18.Kg1 d5 19.cxd5 Nxd5 20.Nc4 Rc7 21.e4 N5f6 22.f3 Rac8
23.Qd3 b5 24.Na5 Qb6 25.Rxc7 Rxc7 26.Kg2 Ne5 27.Qe2 Nc4 28.Nxc4 Rxc4 29.Nb3 Qc7
30.Rd2 Qc8 31.Na5 Rc7 32.Be5 Rc1 33.Qd3 h6 34.Qb3 Nd7 35.Bb2 Rc7 36.Qd3 Bf6
37.Bxf6 Nxf6 38.Qd8+ Qxd8 39.Rxd8+ Kh7 40.Rd3 Rc2+ 41.Kg1 Rc1+ 42.Kf2 Rc2+
43.Kg1 g5 44.g4 h5 45.h3 Kg7 46.Nb3 h4 47.Nd4 Rc7 48.Ne2 Rd7 49.Rd4 Rxd4
50.Nxd4 Nd7 51.Nc6 Kf6 52.Kf2 Ne5 53.Nxe5 Kxe5 54.Ke3 f5 55.exf5 exf5 56.gxf5 Kxf5
57.Ke2  1/2-1/2

[Event "BUL-ch"]
[Site "Sofia"]
[Date "1984.??.??"]
[Round "?"]
[White "Inkiov, Ventzislav"]
[Black "Antonov, Vladimir"]
[Result "1/2-1/2"]
[WhiteElo "2475"]
[BlackElo "2365"]

1.d4 Nf6 2.c4 e6 3.Nf3 b6 4.g3 Ba6 5.Qa4 c5 6.Bg2 Bb7 7.dxc5 Bxc5 8.Nc3 Ne4
9.Nxe4 Bxe4 10.O-O O-O 11.Bf4 d5 12.Rfd1 Qe8 13.Qxe8 Rxe8 14.cxd5 Bxd5 15.Ne5 Bxg2
16.Kxg2 f6 17.Nd3 e5 18.Bd2 Bf8 19.Rac1 Na6 20.Rc2 Rac8 21.Rdc1 Rxc2 22.Rxc2 Rd8
23.a3  1/2-1/2

[Event "BUL-ch"]
[Site "Sofia"]
[Date "1984.??.??"]
[Round "?"]
[White "Popov, Luben"]
[Black "Danailov, Silvio"]
[Result "1/2-1/2"]
[WhiteElo "2395"]
[BlackElo "2420"]

1.d4 Nf6 2.c4 e6 3.Nf3 b6 4.g3 Ba6 5.b3 Bb4+ 6.Bd2 Be7 7.Nc3 O-O 8.Bg2 c6
9.O-O d5 10.cxd5 cxd5 11.Ne5 Nbd7 12.Nxd7 Nxd7  1/2-1/2

[Event "Tatran Cup"]
[Site "Stary Smokovec"]
[Date "1984.??.??"]
[Round "7"]
[White "Drasko, Milan"]
[Black "Vilela, Jose Luis"]
[Result "1/2-1/2"]
[WhiteElo "2480"]
[BlackElo "2410"]

1.Nf3 Nf6 2.c4 e6 3.d4 b6 4.g3 Ba6 5.b3 Bb4+ 6.Bd2 Be7 7.Nc3 c6 8.e4 d5 9.Bd3 dxe4
10.Nxe4 Bb7 11.Qe2 Nxe4 12.Bxe4 Nd7 13.Ne5 Nxe5 14.dxe5 Qc7 15.O-O-O O-O-O
16.Bc3 c5 17.Rhe1 Bxe4 18.Qxe4 Qb7 19.Rxd8+ Bxd8 20.Qxb7+ Kxb7 21.Re3 h5
22.Kd1 Bg5 23.f4 Rd8+ 24.Kc2 Be7 25.h3 g6 26.Rf3 Kc6 27.a4 a6 28.Rd3 Rxd3
29.Kxd3 a5 30.Ke4 Kd7 31.Kf3 Ke8 32.g4 hxg4+ 33.Kxg4 Bf8 34.Be1 Bg7 35.Bh4 Bf8
36.Bf6 Bh6 37.Bg5 Bf8 38.h4 Bg7 39.h5 gxh5+ 40.Kxh5 Bf8 41.Bf6 Kd7 42.Kg5 Ke8
43.Bh8 Ke7 44.f5 exf5 45.Kxf5 Bh6 46.Bf6+ Kd7 47.Bh4 Bf8 48.Kf4 Bg7 49.Ke4 Bh6
50.Kf5 Bf8 51.Bg5 Bg7 52.Bf6 Bf8 53.Kg5 Ke8 54.Bh8 Ke7 55.Bf6+ Kd7 56.Kf5 Bh6  1/2-1/2

[Event "URS-FL"]
[Site "Sverdlovsk"]
[Date "1984.??.??"]
[Round "?"]
[White "Chernin, Alexander"]
[Black "Vaisser, Anatoli"]
[Result "1/2-1/2"]
[WhiteElo "2475"]
[BlackElo "2495"]

1.d4 e6 2.c4 Nf6 3.Nf3 b6 4.g3 Ba6 5.b3 Bb4+ 6.Bd2 Be7 7.Bg2 d5 8.cxd5 exd5
9.O-O c5 10.Nc3 Bb7 11.Rc1 O-O 12.Bf4 Na6 13.Ne5 Ne4 14.Nxe4 dxe4 15.dxc5 Nxc5
16.Qxd8 Rfxd8 17.Rfd1 Rxd1+ 18.Rxd1 Rd8 19.Rxd8+ Bxd8 20.Nc4 Bd5 21.Ne3 Bc6
22.Nc4 Bb5 23.Nd6 Bxe2 24.Nxe4 Nxe4 25.Bxe4 Be7 26.a4 Bc5 27.Bd5 Kf8 28.Kg2 Ke7
29.f3 f6 30.h4  1/2-1/2

[Event "URS-FL"]
[Site "Sverdlovsk"]
[Date "1984.??.??"]
[Round "?"]
[White "Gavrikov, Viktor"]
[Black "Chernin, Alexander"]
[Result "1/2-1/2"]
[WhiteElo "2505"]
[BlackElo "2475"]

1.d4 Nf6 2.c4 e6 3.Nf3 b6 4.g3 Ba6 5.b3 Bb4+ 6.Bd2 Be7 7.Nc3 Bb7 8.Bg2 O-O
9.O-O d5 10.cxd5 exd5 11.Qc2 Na6 12.Rfd1 Qd7 13.Ne5 Qe6 14.Qb2 c5 15.Be3 Ne4
16.Nd3 g5 17.Nxe4 dxe4 18.dxc5 bxc5 19.Rac1 Rfd8 20.Rd2 Rd5 21.Ne1 Rad8 22.Rcd1 Nb4
23.Nc2 Rxd2 24.Rxd2 Rxd2 25.Bxd2  1/2-1/2

[Event "URS-ch sf"]
[Site "Sverdlovsk"]
[Date "1984.??.??"]
[Round "?"]
[White "Osnos, Viatcheslav"]
[Black "Gavrikov, Viktor"]
[Result "0-1"]
[WhiteElo "2455"]
[BlackElo "2485"]

1.d4 Nf6 2.c4 e6 3.Nf3 b6 4.g3 Ba6 5.Qa4 Bb7 6.Bg2 c5 7.dxc5 bxc5 8.O-O Be7
9.Nc3 O-O 10.Rd1 d6 11.Bf4 Qb6 12.Qb3 Nbd7 13.Qxb6 Nxb6 14.b3 Rfd8 15.Rac1 a6
16.Rc2 h6 17.Rcd2 Nc8 18.Ne5 Bxg2 19.Kxg2 g5 20.Be3 Na7 21.Nf3 Nc6 22.h4 g4
23.Ne1 Kh7 24.Nd3 Rab8 25.Nf4 Rb7 26.Kf1 Rbd7 27.Nd3 Rb7 28.Nb2 Rc8 29.Nba4 Kg6
30.Rxd6 Bxd6 31.Rxd6 Rd7 32.Rxd7 Nxd7 33.Nxc5 Nxc5 34.Bxc5 Rd8 35.Be3 Nb4
36.c5 f6 37.Kg2 h5 38.f3 Nc2 39.Kf2 gxf3 40.Kxf3 Kf5 41.Bf2 Ke5 42.Ne4 f5
43.Ng5 Rc8 44.Nh3 Nb4 45.Nf4 Nxa2 46.Nd3+ Kd5 47.Nf4+ Ke5 48.Nd3+ Kf6 49.Bd4+ Ke7
50.Be5 Kd7 51.e4 Rf8 52.Bd6 fxe4+ 53.Kxe4 Nc3+ 54.Ke3 Rf1 55.Nf4 Nd5+ 56.Ke2 Rb1
57.Nxh5 Rxb3 58.Nf4 Nc3+  0-1

[Event "Tirnavia"]
[Site "Trnava"]
[Date "1984.??.??"]
[Round "7"]
[White "Meduna, Eduard"]
[Black "Plachetka, Jan"]
[Result "1/2-1/2"]
[WhiteElo "2475"]
[BlackElo "2440"]

1.d4 Nf6 2.c4 e6 3.Nf3 b6 4.g3 Ba6 5.b3 Bb4+ 6.Bd2 Be7 7.Bc3 d5 8.Nbd2 O-O
9.Bg2 Bb7 10.O-O c5 11.e3  1/2-1/2

[Event "URS Cup"]
[Site "URS"]
[Date "1984.??.??"]
[Round "?"]
[White "Dorfman, Josif D"]
[Black "Eingorn, Vereslav S"]
[Result "1/2-1/2"]
[WhiteElo "2515"]
[BlackElo "2475"]

1.d4 Nf6 2.c4 e6 3.Nf3 b6 4.g3 Ba6 5.b3 Bb4+ 6.Bd2 Be7 7.Nc3 Bb7 8.Bg2 O-O
9.O-O c5 10.d5 exd5 11.Ne1 Na6 12.cxd5 d6 13.Nc2 Re8 14.a3 Bf8 15.b4 Nc7
16.e4 Ba6 17.Re1 Nd7 18.f4 Bd3 19.Be3 Bxc2 20.Qxc2 Rb8 21.Rad1 g6 22.Kh1 Bg7
23.e5 dxe5 24.f5 cxb4 25.axb4 Rc8 26.Qb1 e4 27.Nxe4 Nb5 28.Bg5 f6 29.Bf4 g5
30.Nd6 Rxe1+ 31.Rxe1 Nxd6 32.Bxd6 Bf8 33.Qe4 Bxd6 34.Qe6+ Kh8 35.Qxd6  1/2-1/2

[Event "Valjevo"]
[Site "Valjevo"]
[Date "1984.??.??"]
[Round "8"]
[White "Sahovic, Dragutin"]
[Black "Campos Moreno, Javier B"]
[Result "1-0"]
[WhiteElo "2430"]
[BlackElo "2415"]

1.d4 Nf6 2.c4 e6 3.Nf3 b6 4.g3 Ba6 5.b3 Bb4+ 6.Bd2 Be7 7.Bg2 c6 8.O-O d5
9.Bc3 O-O 10.Nbd2 Bb7 11.Qc2 Nbd7 12.e4 dxe4 13.Nxe4 Nxe4 14.Qxe4 Nf6 15.Qe2 c5
16.Rad1 Qc7 17.Rfe1 cxd4 18.Nxd4 Bxg2 19.Kxg2 Qb7+ 20.Qf3 Qxf3+ 21.Kxf3 Rfc8
22.Nf5 Bd8 23.Nd6 Rc6 24.Rd3 a6 25.Red1 Be7 26.a4 Kf8 27.a5 bxa5 28.Bxa5 h5
29.h3 Nh7 30.Ne4 f5 31.Nd2 Rb8 32.Ke2 Ng5 33.f4 Nf7 34.Nf3 Rd6 35.Rxd6 Bxd6
36.Nd4 Kg8 37.b4 Bxb4 38.Nc6 Rc8 39.Nxb4 Rxc4 40.Nd3 g5 41.Ne5 Nxe5 42.fxe5 Rc5
43.Bd8 g4 44.hxg4 hxg4 45.Bf6 Rc2+ 46.Kf1 a5 47.Rd6 Kf7 48.Rd7+ Kg6 49.Rg7+ Kh6
50.Re7 f4 51.Rxe6 a4 52.Ra6 fxg3 53.Rxa4 Kh5 54.Re4  1-0

[Event "URS-ch U20"]
[Site "Vilnius"]
[Date "1984.??.??"]
[Round "2"]
[White "Shneider, Aleksandr"]
[Black "Sokolov, Andrei"]
[Result "1/2-1/2"]
[WhiteElo "2460"]
[BlackElo "2495"]

1.d4 Nf6 2.Nf3 e6 3.c4 b6 4.g3 Ba6 5.b3 Bb4+ 6.Bd2 Be7 7.Nc3 d5 8.cxd5 Nxd5
9.e4 Nxc3 10.Bxc3 Qc8 11.Bd3 O-O 12.O-O Rd8 13.Bxa6 Nxa6 14.Qe2 Qb7 15.Rad1 Bf6
16.b4 c5 17.bxc5 Nxc5 18.dxc5 Bxc3 19.Rxd8+ Rxd8 20.Rc1 Bf6 21.cxb6 axb6
22.a4 h6 23.Rc4 Qd7 24.Kg2 b5  1/2-1/2

[Event "URS-ch U20"]
[Site "Vilnius"]
[Date "1984.??.??"]
[Round "10"]
[White "Shneider, Aleksandr"]
[Black "Aseev, Konstantin N"]
[Result "1/2-1/2"]
[WhiteElo "2460"]
[BlackElo "2390"]

1.d4 Nf6 2.c4 e6 3.Nf3 b6 4.g3 Ba6 5.b3 d5 6.cxd5 exd5 7.Bg2 Bb4+ 8.Bd2 Bd6
9.O-O Nbd7 10.Nc3 O-O 11.Bf4 Bxf4 12.gxf4 c6 13.Re1 Qe7 14.Ne5 Rac8 15.e3 Rfd8
16.Rc1 Nf8 17.Ne2 Bb7 18.Ng3 g6 19.f5 c5 20.Bh3 Rc7 21.f4 Bc8 22.Qc2 Ne8
23.fxg6 hxg6 24.Bxc8 Rdxc8 25.Qg2 cxd4 26.Rxc7 Qxc7 27.exd4 Qc3 28.Qf2 Ng7
29.f5 gxf5 30.Kh1 Qc2 31.Qf3 Qd2 32.Rd1 Rc1 33.Rxc1 Qxc1+ 34.Kg2 Nfe6 35.Ne2 Qd2
36.Kf1 Qxa2 37.Qc3 Qb1+ 38.Kf2 Qe4 39.Qc8+ Kh7 40.Nxf7 Qh4+ 41.Kf1 Qh3+ 42.Ke1 Qe3
43.Qh8+ Kg6 44.Ne5+ Kf6 45.Qg8 Nxd4 46.Nd7+  1/2-1/2

[Event "URS-ch U20"]
[Site "Vilnius"]
[Date "1984.??.??"]
[Round "13"]
[White "Shneider, Aleksandr"]
[Black "Sturua, Zurab"]
[Result "1-0"]
[WhiteElo "2460"]
[BlackElo "2450"]

1.d4 Nf6 2.c4 e6 3.Nf3 b6 4.g3 Ba6 5.b3 Bb4+ 6.Bd2 Be7 7.Nc3 c6 8.e4 d5 9.e5 Ne4
10.Bd3 Nxc3 11.Bxc3 c5 12.dxc5 Bxc5 13.Qe2 Bb7 14.Rd1 dxc4 15.Bxh7 Qc7 16.Be4 cxb3
17.Bxb7 Qxb7 18.axb3 Nc6 19.O-O Be7 20.Qe4 Rc8 21.Bd2 Nd8 22.Qg4 g6 23.Bg5 Nc6
24.Rfe1 Rh5 25.h4 Bc5 26.Nd2 Kf8 27.Nc4 Rb8 28.Nd6 Qc7 29.Nb5 Qb7 30.Qe4 a6
31.Nd6 Qc7 32.Rd3 Kg8 33.Red1 Rh7 34.Nc4 b5 35.Rd7 Qc8 36.Ne3 f5 37.exf6 Rxd7
38.Qxg6+ Kh8 39.Rxd7 Qxd7 40.f7  1-0

[Event "Vrnjacka Banja"]
[Site "Vrnjacka Banja"]
[Date "1984.??.??"]
[Round "?"]
[White "Sahovic, Dragutin"]
[Black "Spassov, Liuben"]
[Result "1-0"]
[WhiteElo "2425"]
[BlackElo "2475"]

1.d4 Nf6 2.c4 e6 3.Nf3 b6 4.g3 Ba6 5.b3 Bb4+ 6.Bd2 Be7 7.Bg2 O-O 8.O-O c6
9.Qc2 d5 10.Rd1 Nbd7 11.Be1 Rc8 12.Nbd2 c5 13.Qb2 cxd4 14.Nxd4 Bc5 15.cxd5 exd5
16.N2f3 Re8 17.Rac1 Bb7 18.Bh3 a5 19.a3 Qe7 20.b4 axb4 21.axb4 Bxd4 22.Nxd4 Rc4
23.Nf5 Qf8 24.Rxc4 dxc4 25.Nd6 Rb8 26.Nxc4 Qe7 27.Nd6 Ba8 28.Nf5 Qe4 29.f3 Qe8
30.Nxg7 Qe3+ 31.Bf2 Qh6 32.Bxd7 Nxd7 33.Rxd7 Qxg7 34.Qxg7+ Kxg7 35.Bd4+ Kf8
36.b5 Ke8 37.Rd6 Ke7 38.Rxb6 Rc8 39.Kf2 Bd5 40.Ra6  1-0